000 00305nam a2200121 a 4500
001 4140
005 20140414131933.0
008 090218s19uu xx 00 eng d
050 _aREF 423.20
_bC44 2005
245 _aA Child's first dictionary.
260 _bEducational Technologies Ltd.
999 _c112310
_d112310